| 000 | 00903nam0a2200265 4500 | ||
|---|---|---|---|
| 001 | RU\NLR\bibl\1181456 | ||
| 005 | 20260405070547.0 | ||
| 010 |
_a978-5-486-01732-2 _926000 |
||
| 021 |
_aRU _b2007-86356 _94662 |
||
| 035 | _a(NLR Aleph) 001168060 | ||
| 090 |
_a1579713 _c1579713 |
||
| 100 | _a20080130d2007 |||y0rusy50 ca | ||
| 101 | 1 |
_arus _cfre |
|
| 102 | _aRU | ||
| 105 | _ay ||||||||| | ||
| 200 | 1 |
_aТвердая рука _e[роман _eперевод с французского] _fГюстав Эмар |
|
| 210 |
_aМосква _cМир книги _cЛитература _d2007 |
||
| 215 |
_a303 с. _d21 |
||
| 225 | 1 | _aКлассика приключенческого романа | |
| 700 | 1 |
_4070 _8rus _7ca _aЭмар _bГ. _f1818-1883 _gГюстав _3RU\NLR\auth\7716978 _970 |
|
| 801 | 0 |
_aRU _bNLR _c20080130 _gRCR |
|
| 801 | 1 |
_aRU _bNLR _c20080130 |
|
| 942 | _cBOOK | ||
| 980 | _aNB | ||